| 000 | 01395cab a22002294i 4500 | ||
|---|---|---|---|
| 001 | 768714001 | ||
| 003 | CO-MdFUSB | ||
| 005 | 20230404114408.0 | ||
| 008 | 180626s2001 gt ||||| |||| 00| 0 spa d | ||
| 022 | _a1014-9341 | ||
| 040 |
_aCO-MdFUSB _bspa _cCO-MdFUSB _dCO-MdFUSB |
||
| 041 | _aspa | ||
| 100 | 1 |
_aWilliams, Gary _eautor |
|
| 245 | 1 | 4 |
_aLos linchamientos en Guatemala : _buna perspectiva bíblica _c/ Gary Williams |
| 300 |
_aNúmero 28 (Enero - Junio, 2001), páginas 27-64 _c; 22 cm |
||
| 520 | _aLos linchamientos en Guatemala han aumentado espantosamente en los últimos años. Entre las causas más relevantes figuran la desconfianza en el sistema de justicia. La falta de oposición a los linchamientos, el pecado enraizado en el ser humano y la falta de convicción que el linchamiento es un pecado grave. Varios principios bíblicos indican que los cristianos deben condenar el fenómeno y esforzarse para detenerlo. Con base en las Escrituras se puede formular recomendaciones acerca de este problema tanto para la sociedad en general como para la Iglesia. | ||
| 650 | 0 |
_91839 _aIglesia y problemas sociales _zGuatemala. |
|
| 650 | 0 |
_96734 _zGuatemala. _xHistoria. |
|
| 773 | 0 |
_tKairós _049489 _961195 _gNúmero 28 (Enero - Junio, 2001), páginas 27-64 _qPágina 27 |
|
| 773 | 0 |
_tKairós _049489 _981315 _gNúmero 28 (Enero - Junio, 2001), páginas 27-64 _qPágina 27 |
|
| 942 | _cANA | ||
| 999 |
_c51242 _d51242 |
||